000 00579nam a2200205Ia 4500
005 20250508165908.0
008 008 250505s9999 xx 000 0 eng d
020 _a81-7835-146-3
037 _aReference
040 _aFEDL
_beng
_cFEDL
041 _aeng
_2eng
084 _a370.190 3, RAM/RR
_qFEDL
100 _aRamesh Chandra
245 0 _aEcyclopaedia of education in South Asia. 9 V
260 _aDelhi, India
_bKalpaz Publications
_c2003
365 _aINR
_b1000
490 _vV.1
942 _cREF
_h370.190 3, RAM/RR
999 _c1398055
_d1398055